The Oxford dictionary of modern Greek :

محفوظ في:

المؤلف الرئيسي: Pring, J. T.

التنسيق: كتاب

اللغة: Undetermined

منشور في: Oxford : Clarendon Press, 1989.

الموضوعات:

الوسوم: إضافة وسم

لا توجد وسوم, كن أول من يضع وسما على هذه التسجيلة!

رقم الطلب: (Ref.) PA1139 .E5

LEADER 00695nam a2200181Ia 4500
008 220712s9999||||xx |||||||||||||| ||und||
020 |a 198641370 
050 4 |a (Ref.) PA1139 .E5 
100 1 |a Pring, J. T. 
245 1 4 |a The Oxford dictionary of modern Greek : 
264 1 |a Oxford :  |b Clarendon Press,  |c 1989. 
300 |a 2v. In 1 (xvi, 222, x, 370p.) :  |b  ;  |c 20cm. 
504 |a Each section has separate title page. 
555 4 |o (Ref.) PA1139 .E5 
650 |a English languages Dictionaries Greek. 
650 4 |a Greek language Modern Dictionaries English. 
952 |0 0  |1 0  |2 lcc  |4 0  |7 1  |9 41839  |a ARCE  |b ARCE  |d 2022-07-21  |l 0  |o (Ref.) PA1139 .E5  |p 1037176  |r 2022-07-21 00:00:00  |w 2022-07-21  |y BK 
999 |c 48818  |d 48818